00455nam a2200157Ia 45000010006000000050017000060080041000230410008000640820016000721000032000882450124001202600009002443000028002536500008002816540008002891333920260306164754.0260306t2007||||xx |||||||||||||| ||spa|| aESP a001.42bT18 aTamayo y Tamayo, MarioeAUT 0aEl proceso de la investigación científica:bincluye evaluación y administración de proyectos de investigación c2007 a440 páginas :c23 cm. aGEN aCHU